| 000 | 01234nam a2200349 a 4500 | ||
|---|---|---|---|
| 001 | vtls001438443 | ||
| 003 | NLI | ||
| 005 | 20210627122018.0 | ||
| 008 | 121130s1991 ii 001 p eng | ||
| 020 |
_a8185179549 _cRs. 200.00 |
||
| 039 | 9 |
_y201211301642 _zVLOAD |
|
| 040 |
_aNLI _beng _cDatasoft_GENG _eAACR2 |
||
| 041 | 1 |
_aeng _hraj |
|
| 044 | _aii | ||
| 082 | 0 | 4 | _a891.4791 |
| 240 | 1 | 0 |
_aKanhadade prabandha. _lEnglish |
| 245 | 0 | 0 |
_aKanhadade prabandha, India's greatest patriotic saga of medieval times : _bPadmanabha's epic account of Kanhadade / _ctranslated, introduced and annotated by V. S. Bhatnagar |
| 260 |
_aNew Delhi : _bAditya Prakashan, _c1991 |
||
| 300 |
_axxiv, 227 p ; _c22 cm. |
||
| 500 | _aTranslation of: Kanhadade prabandha | ||
| 504 | _aIncludes bibliographical references and index | ||
| 650 | 0 |
_aRajasthani poetry _xTranslations into English _9780849 |
|
| 650 | 0 |
_aEpic poetry, Rajasthani _xTranslations into English _9997301 |
|
| 651 | 0 |
_aIndia _xHistory |
|
| 700 | 1 |
_aBhatnagar, V. S., _4trl _91003548 |
|
| 887 | _a | ||
| 901 |
_aDB59223 _b22.04.1991 |
||
| 902 | _aE 891.4791 K 131 | ||
| 904 | _l3230 | ||
| 949 |
_AVIRTUAITEM _D10000 _X100 _6DBA000059223ENG |
||
| 942 |
_2ddc _cBKS |
||
| 999 |
_aVIRTUA40 _c891730 _d891730 |
||